000 nam a22 7a 4500
999 _c126782
_d126782
008 170825b xxu||||| |||| 00| 0 eng d
050 _aBR1453.Z55Z71
100 _aZimbabwe Christian Council
_934897
245 _aZimbabwe Christian council
_bA handbook
_c/ Zimbabwe Christian council
260 _aHarare
_bZimbabwe christian council
300 _a45p. ;
_c21cm.
650 _aZimbabwe Christian council
_935245
700 _aHlatshwayo, G.M.A.
_eed.
_935250
942 _2lcc
_cMONOGRAPH